| 000 | 02364nam a22003137a 4500 | ||
|---|---|---|---|
| 001 | 8525 | ||
| 003 | FISKH | ||
| 005 | 20250917142649.0 | ||
| 008 | 250917b cb ||||| |||| 00| 0 eng d | ||
| 020 | _a9789996301537 | ||
| 040 |
_aFISKH _bkhr _cFISKH _dFISKH |
||
| 050 | _aPZ7 | ||
| 082 | _a590 | ||
| 100 | _aDawn, Dim | ||
| 245 |
_aជន្លេន និង ព្រះចន្ទ : _bThe earthworm and the moon / _cនិពន្ធដោយ លោក ឌឹម ដន , កែសម្រួលដោយ អ្នកស្រី គឹមស៊ុន សុធារី |
||
| 260 |
_aPhnom Penh : _bReading Book , _c2012. |
||
| 300 |
_a24 pages : _bcolor illustrations ; _c25 cm . |
||
| 490 | _aពិភពរឿងនិទាន | ||
| 505 | _aK | ||
| 520 | _aរឿង ជន្លេន និង ព្រះចន្ទ មានបំនងអប់រំដល់ប្អូនៗកុមារ និងមនុស្សទូទៅអោយចេះស្រលាញ់ និងជួយគ្នាក្នុងគ្រាមានអាសន្ន ។ ជាពិសេសអោយចេះសាមគ្គីគ្នាហ៊ានប្រឈមមុខនឺងការលំបាក និងចេះរួបរួមគ្នារកដំណោះស្រាយផ្សេងៗដែលកើតឡើងចំពោះមុខ ។ មិនតែប៉ុណ្ណោះ មានបំនងអោយប្អូនៗស្រឡាញ់សត្វព្រៃ និងចេះរក្សាធនធានធម្មជាតិផងដែរ ។ | ||
| 520 | _aThe stroy of the Earthworm and the moon is intended to teach children and people in general to love one another, help each other in emergency situation . This story also advises them to form solidarity, to overcome the hardship and to jointly seek the solution for what happening. More than that, it encourages the children to love wild animals and to preseve the natural resources . | ||
| 521 | 8 |
_a510
_bLexile estimate |
|
| 521 | 8 |
_aK
_bRaz-Plus |
|
| 650 |
_aជន្លេន និង ព្រះចន្ទ _vរឿងនិទានកុមារ |
||
| 650 |
_aThe earthworm and the moon _vChildren's stories |
||
| 700 |
_aVichit, Prom _eIllustrator |
||
| 942 |
_2ddc _cKHB _n0 |
||
| 999 |
_c8525 _d8525 |
||